[Event "5th European Small Nations"]
[Site "Andorra la Vella"]
[Date "2017.11.13"]
[Round "2.12"]
[White "Kahn, Tito"]
[Black "Muendle, Kurt"]
[Result "1/2-1/2"]
[BlackElo "1839"]
[WhiteElo "1869"]
[LiveChessVersion "1.4.8"]

1. Nf3 {[%clk 1:30:54]} d5 {[%clk 1:30:27]} 2. d4 {[%clk 1:31:09]} c6
{[%clk 1:30:03]} 3. g3 {[%clk 1:30:28]} g6 {[%clk 1:28:41]} 4. Bg2
{[%clk 1:30:51]} Bg7 {[%clk 1:29:04]} 5. O-O {[%clk 1:31:17]} Nf6
{[%clk 1:29:23]} 6. c4 {[%clk 1:31:33]} O-O {[%clk 1:27:03]} 7. Nc3
{[%clk 1:31:37]} Nbd7 {[%clk 1:26:13]} 8. cxd5 {[%clk 1:23:23]} cxd5
{[%clk 1:26:25]} 9. Bg5 {[%clk 1:08:08]} h6 {[%clk 1:23:50]} 10. Bf4
{[%clk 1:01:09]} a6 {[%clk 1:18:36]} 11. Ne5 {[%clk 0:54:33]} e6 {[%clk 1:16:40]}
12. h4 {[%clk 0:46:24]} Nh5 {[%clk 1:08:57]} 13. Nxd7 {[%clk 0:43:27]} Bxd7
{[%clk 1:08:53]} 14. Bd6 {[%clk 0:18:54]} Re8 {[%clk 1:09:02]} 15. Bf3
{[%clk 0:18:47]} Nf6 {[%clk 1:05:48]} 16. Be5 {[%clk 0:19:01]} h5
{[%clk 1:00:21]} 17. a4 {[%clk 0:13:21]} Qb6 {[%clk 0:51:49]} 18. Qd2
{[%clk 0:11:14]} Rec8 {[%clk 0:48:24]} 19. Rfb1 {[%clk 0:09:58]} Rc6
{[%clk 0:35:20]} 20. Qf4 {[%clk 0:09:11]} Ne8 {[%clk 0:32:23]} 21. Bxg7
{[%clk 0:06:15]} Nxg7 {[%clk 0:28:15]} 22. a5 {[%clk 0:05:33]} Qc7
{[%clk 0:27:09]} 23. Qxc7 {[%clk 0:05:38]} Rxc7 {[%clk 0:27:29]} 24. Na4
{[%clk 0:05:58]} Bxa4 {[%clk 0:27:26]} 25. Rxa4 {[%clk 0:06:27]} f5
{[%clk 0:21:47]} 26. e3 {[%clk 0:05:36]} Ne8 {[%clk 0:21:15]} 27. Be2
{[%clk 0:03:02]} Rac8 {[%clk 0:19:14]} 28. b4 {[%clk 0:02:42]} Rc1+
{[%clk 0:18:24]} 29. Rxc1 {[%clk 0:02:56]} Rxc1+ {[%clk 0:18:46]} 30. Kg2
{[%clk 0:03:03]} 1/2-1/2

[Event "5th European Small Nations"]
[Site "Andorra la Vella"]
[Date "2017.11.13"]
[Round "3.1"]
[White "Belzo, Krzysztof"]
[Black "Zerafa, Robert"]
[Result "1/2-1/2"]
[BlackElo "2101"]
[WhiteElo "2077"]
[LiveChessVersion "1.4.8"]

1. c4 {[%clk 1:30:55]} Nf6 {[%clk 1:29:25]} 2. g3 {[%clk 1:31:06]} g6
{[%clk 1:29:39]} 3. Bg2 {[%clk 1:31:32]} Bg7 {[%clk 1:30:04]} 4. d4
{[%clk 1:31:56]} O-O {[%clk 1:30:19]} 5. Nf3 {[%clk 1:32:18]} d6 {[%clk 1:30:09]}
6. O-O {[%clk 1:32:36]} c6 {[%clk 1:28:40]} 7. Nc3 {[%clk 1:32:55]} Qa5
{[%clk 1:28:54]} 8. e4 {[%clk 1:30:30]} Bg4 {[%clk 1:29:18]} 9. h3
{[%clk 1:25:29]} Bxf3 {[%clk 1:29:43]} 10. Bxf3 {[%clk 1:24:45]} Nfd7
{[%clk 1:25:47]} 11. Rb1 {[%clk 1:18:01]} c5 {[%clk 1:09:34]} 12. Be3
{[%clk 1:01:00]} Nc6 {[%clk 1:04:56]} 13. dxc5 {[%clk 0:57:05]} Nxc5
{[%clk 1:03:13]} 14. Nd5 {[%clk 0:44:14]} Qxa2 {[%clk 0:57:20]} 15. b4
{[%clk 0:42:38]} Ne6 {[%clk 0:57:05]} 16. b5 {[%clk 0:40:09]} Ncd4
{[%clk 0:56:39]} 17. Nxe7+ {[%clk 0:39:05]} Kh8 {[%clk 0:55:13]} 18. e5
{[%clk 0:30:14]} dxe5 {[%clk 0:42:47]} 19. Bxb7 {[%clk 0:27:33]} Qxc4
{[%clk 0:40:44]} 20. Bd5 {[%clk 0:22:09]} Qc7 {[%clk 0:36:53]} 21. Bxa8
{[%clk 0:22:09]} Rxa8 {[%clk 0:35:22]} 22. Nc6 {[%clk 0:20:16]} Nxb5
{[%clk 0:28:26]} 23. Rxb5 {[%clk 0:20:06]} Qxc6 {[%clk 0:28:53]} 24. Qb3
{[%clk 0:19:10]} h5 {[%clk 0:27:48]} 25. Rb8+ {[%clk 0:14:47]} Kh7
{[%clk 0:27:46]} 26. Rb7 {[%clk 0:13:53]} Qf3 {[%clk 0:27:09]} 27. h4
{[%clk 0:12:45]} e4 {[%clk 0:24:27]} 28. Qd5 {[%clk 0:09:02]} Rd8
{[%clk 0:22:04]} 29. Qa5 {[%clk 0:06:47]} Bd4 {[%clk 0:12:03]} 30. Bxd4
{[%clk 0:05:55]} Rxd4 {[%clk 0:12:31]} 31. Qxa7 {[%clk 0:04:20]} Kg7
{[%clk 0:12:57]} 32. Qb6 {[%clk 0:02:53]} Kg8 {[%clk 0:10:07]} 33. Rb8+
{[%clk 0:02:10]} Kg7 {[%clk 0:10:15]} 34. Qc6 {[%clk 0:01:46]} Nf4
{[%clk 0:08:18]} 35. gxf4 {[%clk 0:01:18]} Qg4+ {[%clk 0:08:41]} 36. Kh2
{[%clk 0:01:07]} Qxf4+ {[%clk 0:08:28]} 37. Kg1 {[%clk 0:01:23]} Qxb8
{[%clk 0:05:21]} 38. Qc5 {[%clk 0:01:24]} Qd6 {[%clk 0:05:32]} 39. Qc3
{[%clk 0:01:24]} Qf6 {[%clk 0:05:33]} 40. Re1 {[%clk 0:31:27]} Ra4
{[%clk 0:33:49]} 41. Qc2 {[%clk 0:28:26]} Qd4 {[%clk 0:33:51]} 42. Kg2
{[%clk 0:28:02]} Rb4 {[%clk 0:34:04]} 43. Re3 {[%clk 0:27:18]} Qe5
{[%clk 0:28:52]} 44. Qc6 {[%clk 0:26:16]} Qf6 {[%clk 0:28:33]} 45. Qc5
{[%clk 0:25:15]} Ra4 {[%clk 0:28:28]} 46. Qc2 {[%clk 0:24:49]} Qd4
{[%clk 0:27:08]} 47. Qc6 {[%clk 0:24:48]} Rc4 {[%clk 0:26:25]} 48. Qe8
{[%clk 0:20:43]} Qd5 {[%clk 0:26:39]} 49. Qe7 {[%clk 0:19:00]} Qf5
{[%clk 0:26:52]} 50. Qd8 {[%clk 0:17:45]} Rc2 {[%clk 0:24:18]} 51. Qd4+
{[%clk 0:17:32]} Kg8 {[%clk 0:23:04]} 52. Rh3 {[%clk 0:09:48]} Qg4+
{[%clk 0:22:15]} 53. Kh2 {[%clk 0:10:12]} Rc1 {[%clk 0:21:10]} 54. Qd8+
{[%clk 0:09:29]} Kh7 {[%clk 0:21:30]} 55. Rg3 {[%clk 0:09:23]} Qd1
{[%clk 0:20:40]} 56. Qxd1 {[%clk 0:09:09]} Rxd1 {[%clk 0:21:07]} 57. Re3
{[%clk 0:08:57]} f5 {[%clk 0:18:42]} 58. Ra3 {[%clk 0:08:17]} Kg7
{[%clk 0:18:19]} 59. Ra7+ {[%clk 0:08:25]} Kf6 {[%clk 0:18:46]} 60. Ra6+
{[%clk 0:08:50]} Ke5 {[%clk 0:15:10]} 61. Rxg6 {[%clk 0:09:05]} Kf4
{[%clk 0:15:11]} 62. Rg5 {[%clk 0:08:47]} Rd2 {[%clk 0:12:41]} 63. Kg1
{[%clk 0:08:37]} Rd5 {[%clk 0:12:50]} 64. Kg2 {[%clk 0:08:41]} Rd2
{[%clk 0:08:44]} 65. Kg1 {[%clk 0:08:49]} Rd8 {[%clk 0:08:51]} 66. Rxh5
{[%clk 0:08:04]} Rg8+ {[%clk 0:09:20]} 67. Kf1 {[%clk 0:06:36]} Kg4
{[%clk 0:09:41]} 68. Rh7 {[%clk 0:03:52]} Kf3 {[%clk 0:09:43]} 69. Ra7
{[%clk 0:03:08]} Rh8 {[%clk 0:09:26]} 70. Ra3+ {[%clk 0:02:19]} Kg4
{[%clk 0:09:55]} 71. Rg3+ {[%clk 0:01:06]} Kxh4 {[%clk 0:10:23]} 72. Rg7
{[%clk 0:00:46]} Kh3 {[%clk 0:08:26]} 73. Rg5 {[%clk 0:00:45]} Rf8
{[%clk 0:08:33]} 74. Ke2 {[%clk 0:01:03]} Kh4 {[%clk 0:09:01]} 75. Rg7
{[%clk 0:00:55]} Ra8 {[%clk 0:09:30]} 76. Rg6 {[%clk 0:00:45]} Ra3
{[%clk 0:09:56]} 77. Rg8 {[%clk 0:00:56]} Rf3 {[%clk 0:10:24]} 78. Rg7
{[%clk 0:01:08]} Rf4 {[%clk 0:10:46]} 79. Ke3 {[%clk 0:01:10]} Rg4
{[%clk 0:10:58]} 80. Rh7+ {[%clk 0:01:25]} Kg5 {[%clk 0:11:27]} 81. Rg7+
{[%clk 0:01:33]} Kh5 {[%clk 0:11:56]} 82. Rh7+ {[%clk 0:01:50]} Kg6
{[%clk 0:12:25]} 83. Rh8 {[%clk 0:02:10]} Kf6 {[%clk 0:12:23]} 84. Rf8+
{[%clk 0:02:34]} Ke6 {[%clk 0:12:37]} 85. Re8+ {[%clk 0:02:46]} Kf7
{[%clk 0:13:05]} 86. Ra8 {[%clk 0:02:41]} Rh4 {[%clk 0:13:26]} 87. Ra6
{[%clk 0:02:51]} Kg7 {[%clk 0:13:02]} 88. Rb6 {[%clk 0:03:12]} Rh3+
{[%clk 0:12:36]} 89. Ke2 {[%clk 0:03:28]} Kf7 {[%clk 0:12:13]} 90. Ra6
{[%clk 0:03:43]} Ke7 {[%clk 0:12:40]} 91. Rb6 {[%clk 0:03:58]} Rd3
{[%clk 0:13:07]} 92. Rh6 {[%clk 0:03:35]} Rd6 {[%clk 0:13:17]} 93. Rh7+
{[%clk 0:03:55]} Ke6 {[%clk 0:13:42]} 94. f3 {[%clk 0:04:13]} exf3+
{[%clk 0:06:23]} 95. Kxf3 {[%clk 0:04:39]} Rd3+ {[%clk 0:06:49]} 96. Kf4
{[%clk 0:04:56]} Rd4+ {[%clk 0:07:18]} 97. Kf3 {[%clk 0:05:15]} Ra4
{[%clk 0:07:38]} 98. Rh8 {[%clk 0:05:14]} Ke5 99. Ke4+ 1/2-1/2

[Event "5th European Small Nations"]
[Site "Andorra la Vella"]
[Date "2017.11.13"]
[Round "3.2"]
[White "Darmanin, Jake"]
[Black "Wojciechowski, Paul"]
[Result "1-0"]
[BlackElo "1912"]
[WhiteElo "2058"]
[LiveChessVersion "1.4.8"]

1. e4 {[%clk 1:30:33]} c5 {[%clk 1:30:53]} 2. c3 {[%clk 1:30:43]} e6
{[%clk 1:30:55]} 3. d4 {[%clk 1:31:02]} d5 {[%clk 1:31:10]} 4. exd5
{[%clk 1:31:22]} Qxd5 {[%clk 1:31:00]} 5. Nf3 {[%clk 1:30:09]} Nc6
{[%clk 1:30:10]} 6. Be2 {[%clk 1:28:40]} Nf6 {[%clk 1:16:53]} 7. O-O
{[%clk 1:27:31]} Be7 {[%clk 1:13:23]} 8. dxc5 {[%clk 1:21:23]} Qxd1
{[%clk 1:09:02]} 9. Rxd1 {[%clk 1:20:22]} Bxc5 {[%clk 1:09:26]} 10. Nbd2
{[%clk 1:20:03]} O-O {[%clk 1:06:24]} 11. b4 {[%clk 1:12:02]} Bb6
{[%clk 0:58:23]} 12. Nc4 {[%clk 1:02:23]} Bc7 {[%clk 0:57:39]} 13. a4
{[%clk 0:58:27]} Nd5 {[%clk 0:53:06]} 14. Bb2 {[%clk 0:56:50]} Rd8
{[%clk 0:44:18]} 15. g3 {[%clk 0:51:25]} Bd7 {[%clk 0:41:36]} 16. Bf1
{[%clk 0:47:31]} Be8 {[%clk 0:39:40]} 17. Bg2 {[%clk 0:47:20]} Rac8
{[%clk 0:38:20]} 18. Re1 {[%clk 0:38:46]} b6 {[%clk 0:33:39]} 19. Ne3
{[%clk 0:26:28]} Nce7 {[%clk 0:31:19]} 20. Nd4 {[%clk 0:24:09]} Bb8
{[%clk 0:27:54]} 21. Nxd5 {[%clk 0:19:21]} Nxd5 {[%clk 0:28:07]} 22. Ra3
{[%clk 0:14:40]} Ne7 {[%clk 0:14:50]} 23. a5 {[%clk 0:11:23]} Nc6
{[%clk 0:12:23]} 24. Bxc6 {[%clk 0:08:08]} Bxc6 {[%clk 0:12:44]} 25. axb6
{[%clk 0:08:16]} axb6 {[%clk 0:13:02]} 26. Nxc6 {[%clk 0:05:02]} Rxc6
{[%clk 0:13:28]} 27. Ra8 {[%clk 0:03:22]} f6 {[%clk 0:10:57]} 28. Kf1
{[%clk 0:02:26]} Kf7 {[%clk 0:10:15]} 29. Rc1 {[%clk 0:01:31]} Rdc8
{[%clk 0:10:09]} 30. Ke2 {[%clk 0:01:34]} Ke8 {[%clk 0:08:35]} 31. c4
{[%clk 0:01:12]} Bd6 {[%clk 0:08:22]} 32. Rxc8+ {[%clk 0:01:14]} Rxc8
{[%clk 0:08:51]} 33. Ba3 {[%clk 0:01:04]} Kd7 {[%clk 0:05:05]} 34. Rc3
{[%clk 0:00:58]} g6 {[%clk 0:04:24]} 35. Kd1 {[%clk 0:01:18]} h5 {[%clk 0:03:21]}
36. Kc2 {[%clk 0:01:33]} g5 {[%clk 0:03:06]} 37. Kb3 {[%clk 0:01:17]} Be5
{[%clk 0:02:00]} 38. Rd3+ {[%clk 0:01:37]} Kc6 {[%clk 0:00:51]} 39. Bc1
{[%clk 0:01:19]} Rc7 {[%clk 0:00:43]} 40. Be3 {[%clk 0:31:02]} b5
{[%clk 0:30:35]} 41. f4 {[%clk 0:16:13]} bxc4+ {[%clk 0:16:51]} 42. Kxc4
{[%clk 0:16:32]} gxf4 {[%clk 0:17:14]} 43. gxf4 {[%clk 0:15:39]} Bd6
{[%clk 0:13:43]} 44. Kb3 {[%clk 0:06:26]} Rb7 {[%clk 0:09:09]} 45. Bd2
{[%clk 0:04:44]} e5 {[%clk 0:06:38]} 46. fxe5 {[%clk 0:03:12]} Bxe5
{[%clk 0:06:51]} 47. Rh3 {[%clk 0:02:59]} Rd7 {[%clk 0:04:48]} 48. Kc2
{[%clk 0:01:33]} Rh7 {[%clk 0:03:52]} 49. Kd3 {[%clk 0:01:17]} Kb5
{[%clk 0:03:35]} 50. Ke4 {[%clk 0:01:14]} Rd7 {[%clk 0:03:11]} 51. Be1
{[%clk 0:00:34]} Rd1 {[%clk 0:03:14]} 52. Bg3 {[%clk 0:00:34]} Rd4+ 1-0

[Event "5th European Small Nations"]
[Site "Andorra la Vella"]
[Date "2017.11.13"]
[Round "3.3"]
[White "Mooney, Graham"]
[Black "Vella, Duncan"]
[Result "1/2-1/2"]
[BlackElo "1989"]
[WhiteElo "1864"]
[LiveChessVersion "1.4.8"]

1. e4 {[%clk 1:30:55]} c5 {[%clk 1:30:51]} 2. Nf3 {[%clk 1:31:12]} d6
{[%clk 1:31:13]} 3. d4 {[%clk 1:31:31]} cxd4 {[%clk 1:31:31]} 4. Nxd4
{[%clk 1:31:50]} Nf6 {[%clk 1:31:49]} 5. Nc3 {[%clk 1:31:47]} g6 {[%clk 1:32:07]}
6. Be3 {[%clk 1:29:18]} Bg7 {[%clk 1:32:22]} 7. Qd2 {[%clk 1:25:15]} Ng4
{[%clk 1:25:22]} 8. Bg5 {[%clk 1:24:38]} f6 {[%clk 1:23:52]} 9. Bh4
{[%clk 1:22:59]} Bh6 {[%clk 1:22:20]} 10. Qe2 {[%clk 1:20:03]} Nc6
{[%clk 1:10:25]} 11. Nb3 {[%clk 1:17:23]} Be6 {[%clk 1:03:01]} 12. Qd1
{[%clk 1:16:08]} Nge5 {[%clk 0:53:38]} 13. Nd5 {[%clk 1:04:43]} Rc8
{[%clk 0:46:32]} 14. Be2 {[%clk 0:58:53]} O-O {[%clk 0:39:14]} 15. O-O
{[%clk 0:54:03]} Kh8 {[%clk 0:34:26]} 16. f4 {[%clk 0:48:50]} Nd7
{[%clk 0:32:01]} 17. Kh1 {[%clk 0:39:52]} Nb6 {[%clk 0:26:11]} 18. Nxb6
{[%clk 0:24:09]} Qxb6 {[%clk 0:25:45]} 19. c3 {[%clk 0:24:07]} Qe3
{[%clk 0:17:40]} 20. f5 {[%clk 0:17:50]} Bxb3 {[%clk 0:16:13]} 21. axb3 Qxe4
{[%clk 0:16:07]} 22. Bg3 {[%clk 0:18:17]} Qe3 {[%clk 0:12:30]} 23. Bf2
{[%clk 0:14:56]} Qd2 {[%clk 0:11:58]} 24. Qxd2 {[%clk 0:13:38]} Bxd2
{[%clk 0:12:25]} 25. fxg6 {[%clk 0:14:01]} hxg6 {[%clk 0:11:51]} 26. Bxa7
{[%clk 0:13:53]} Kg7 {[%clk 0:10:20]} 27. Bf3 {[%clk 0:12:28]} Rh8
{[%clk 0:09:09]} 28. Bg1 {[%clk 0:10:45]} Kf7 {[%clk 0:05:55]} 29. Rad1
{[%clk 0:10:48]} Bg5 {[%clk 0:05:58]} 30. Rde1 {[%clk 0:09:31]} e6
{[%clk 0:05:04]} 31. Re2 {[%clk 0:04:44]} Ne5 32. Be3 {[%clk 0:05:13]} Bxe3
{[%clk 0:03:25]} 33. Rxe3 {[%clk 0:04:27]} b6 {[%clk 0:03:16]} 34. Kg1
{[%clk 0:03:53]} g5 {[%clk 0:02:30]} 35. Ra1 {[%clk 0:04:01]} Rc7
{[%clk 0:02:04]} 36. Ra6 Nd7 37. b4 {[%clk 0:03:30]} d5 {[%clk 0:01:31]} 38. Be2
{[%clk 0:02:59]} Rb7 {[%clk 0:01:19]} 39. Bb5 {[%clk 0:02:43]} Ne5
{[%clk 0:01:43]} 40. Be2 {[%clk 0:32:21]} Kg6 {[%clk 0:31:26]} 41. Bd1
{[%clk 0:29:26]} Rh4 {[%clk 0:22:32]} 42. Ra8 {[%clk 0:23:56]} d4
{[%clk 0:17:22]} 43. Re1 {[%clk 0:20:19]} d3 {[%clk 0:12:38]} 44. Bb3
{[%clk 0:14:18]} Kf7 {[%clk 0:12:20]} 45. Rd8 {[%clk 0:13:38]} Ke7
{[%clk 0:09:11]} 46. Rd4 {[%clk 0:10:29]} Rd7 {[%clk 0:08:22]} 47. Rxd7+
{[%clk 0:09:38]} Kxd7 {[%clk 0:08:45]} 48. Rd1 {[%clk 0:09:50]} Ke7
{[%clk 0:07:48]} 49. Ba4 {[%clk 0:09:11]} Rh8 {[%clk 0:06:33]} 50. Bb5
{[%clk 0:08:55]} Rd8 {[%clk 0:06:57]} 51. h3 {[%clk 0:08:43]} Rd5
{[%clk 0:05:34]} 52. c4 {[%clk 0:06:55]} Rd4 {[%clk 0:04:56]} 53. Rd2
{[%clk 0:06:05]} Ng6 {[%clk 0:03:11]} 54. g3 {[%clk 0:05:17]} e5 {[%clk 0:03:19]}
55. Kf2 {[%clk 0:04:26]} Rd8 {[%clk 0:01:48]} 56. Ke3 {[%clk 0:03:50]} Rh8
{[%clk 0:01:59]} 57. Rxd3 {[%clk 0:03:19]} Rxh3 {[%clk 0:02:08]} 58. Ke4
{[%clk 0:03:24]} Nf8 {[%clk 0:01:37]} 59. Kd4 1/2-1/2

[Event "5th European Small Nations"]
[Site "Andorra la Vella"]
[Date "2017.11.13"]
[Round "3.4"]
[White "Sammut Briffa, Peter"]
[Black "Kahn, Tito"]
[Result "1-0"]
[BlackElo "1869"]
[WhiteElo "1962"]
[LiveChessVersion "1.4.8"]

1. e4 {[%clk 1:30:53]} c5 {[%clk 1:30:55]} 2. Nf3 {[%clk 1:31:13]} e6
{[%clk 1:31:13]} 3. d4 {[%clk 1:31:28]} cxd4 {[%clk 1:31:39]} 4. Nxd4
{[%clk 1:31:52]} a6 {[%clk 1:32:06]} 5. c4 {[%clk 1:31:59]} Nf6 {[%clk 1:29:43]}
6. Bd3 {[%clk 1:31:14]} Nc6 {[%clk 1:29:31]} 7. Nxc6 {[%clk 1:31:13]} dxc6
{[%clk 1:29:45]} 8. O-O {[%clk 1:31:19]} Qc7 {[%clk 1:29:47]} 9. Nc3
{[%clk 1:27:38]} Bd6 {[%clk 1:17:21]} 10. f4 {[%clk 1:26:20]} e5 {[%clk 1:13:44]}
11. f5 {[%clk 1:25:14]} Bc5+ {[%clk 1:13:50]} 12. Kh1 {[%clk 1:25:32]} h5
{[%clk 1:04:54]} 13. Be2 {[%clk 1:18:17]} Bd7 {[%clk 1:04:54]} 14. Bf3
{[%clk 1:18:22]} O-O-O {[%clk 1:04:45]} 15. Qe2 {[%clk 1:18:15]} Ng4
{[%clk 0:58:39]} 16. Bxg4 {[%clk 1:15:40]} hxg4 {[%clk 0:40:15]} 17. g3
{[%clk 1:10:20]} Rh3 {[%clk 0:27:51]} 18. Be3 Bd4 {[%clk 0:27:24]} 19. Rf2
{[%clk 1:04:35]} Rdh8 20. Rg2 g6 {[%clk 0:24:47]} 21. f6 {[%clk 1:01:35]} Be6
{[%clk 0:24:14]} 22. Nd5 cxd5 {[%clk 0:15:58]} 23. cxd5 {[%clk 0:59:12]} Bxd5
{[%clk 0:16:15]} 24. exd5 {[%clk 0:59:33]} Kb8 {[%clk 0:13:56]} 25. Bxd4
{[%clk 0:48:07]} exd4 26. Qe7 Rd8 {[%clk 0:04:04]} 27. Qe4 {[%clk 0:45:49]} Qc5
{[%clk 0:02:34]} 28. Qxg4 {[%clk 0:36:02]} Rh5 {[%clk 0:02:44]} 29. Qf4+
{[%clk 0:34:30]} Ka7 {[%clk 0:02:16]} 30. Qe4 {[%clk 0:32:50]} 1-0

[Event "5th European Small Nations"]
[Site "Andorra la Vella"]
[Date "2017.11.13"]
[Round "3.5"]
[White "Berezovsky, Igor"]
[Black "Mannhart, Marcel"]
[Result "1-0"]
[BlackElo "2123"]
[WhiteElo "2378"]
[LiveChessVersion "1.4.8"]

1. d4 {[%clk 1:30:56]} g6 {[%clk 1:30:36]} 2. c4 {[%clk 1:31:06]} Bg7
{[%clk 1:31:00]} 3. Nf3 {[%clk 1:31:30]} d6 {[%clk 1:30:27]} 4. Nc3
{[%clk 1:30:58]} c6 {[%clk 1:29:44]} 5. g3 {[%clk 1:28:14]} Nd7 {[%clk 1:27:04]}
6. Bg2 {[%clk 1:25:28]} Qc7 {[%clk 1:26:53]} 7. O-O {[%clk 1:24:10]} Ngf6
{[%clk 1:26:53]} 8. Be3 {[%clk 1:20:22]} O-O {[%clk 1:26:16]} 9. Rc1
{[%clk 1:19:04]} e5 {[%clk 1:13:17]} 10. h3 {[%clk 1:17:54]} Re8 {[%clk 1:12:33]}
11. b4 {[%clk 1:17:12]} exd4 {[%clk 1:09:53]} 12. Bxd4 {[%clk 1:16:22]} Ne5
{[%clk 1:09:41]} 13. Nd2 {[%clk 1:09:04]} Be6 {[%clk 1:02:28]} 14. Nd5
{[%clk 1:08:47]} Qb8 {[%clk 0:47:10]} 15. Nxf6+ {[%clk 1:05:42]} Bxf6
{[%clk 0:47:24]} 16. Ne4 {[%clk 1:04:10]} Be7 {[%clk 0:46:23]} 17. Qd2
{[%clk 0:57:04]} Bf5 {[%clk 0:40:40]} 18. Ng5 {[%clk 0:42:13]} Qd8
{[%clk 0:30:36]} 19. Be3 {[%clk 0:37:02]} f6 {[%clk 0:22:58]} 20. Ne4
{[%clk 0:34:44]} Be6 {[%clk 0:22:54]} 21. c5 {[%clk 0:18:53]} d5 22. Nc3
{[%clk 0:14:13]} Nc4 {[%clk 0:19:15]} 23. Qd4 {[%clk 0:14:39]} Nxe3
{[%clk 0:18:54]} 24. Qxe3 {[%clk 0:13:32]} Bf7 {[%clk 0:16:07]} 25. Rfd1
{[%clk 0:12:04]} f5 {[%clk 0:15:46]} 26. Qd2 {[%clk 0:10:34]} Bf6
{[%clk 0:15:11]} 27. e3 {[%clk 0:10:55]} Qc7 {[%clk 0:13:25]} 28. Ne2
{[%clk 0:10:37]} Rad8 {[%clk 0:13:30]} 29. Nd4 {[%clk 0:09:54]} a6
{[%clk 0:11:30]} 30. a4 {[%clk 0:09:52]} Ra8 {[%clk 0:11:39]} 31. h4
{[%clk 0:09:40]} Rec8 {[%clk 0:06:56]} 32. Bf1 {[%clk 0:06:26]} Qe7
{[%clk 0:06:51]} 33. Bd3 {[%clk 0:06:17]} Be8 {[%clk 0:06:45]} 34. h5
{[%clk 0:05:51]} Bf7 {[%clk 0:05:33]} 35. Kg2 {[%clk 0:05:28]} Bg7
{[%clk 0:03:14]} 36. Rh1 {[%clk 0:05:12]} Qg5 {[%clk 0:02:53]} 37. hxg6
{[%clk 0:04:18]} hxg6 {[%clk 0:03:20]} 38. Rh4 {[%clk 0:03:58]} Qf6
{[%clk 0:03:02]} 39. Rch1 {[%clk 0:02:52]} Kf8 {[%clk 0:03:15]} 40. Rh7
{[%clk 0:31:19]} Bg8 {[%clk 0:33:36]} 41. R7h4 {[%clk 0:30:59]} Bf7
{[%clk 0:33:38]} 42. Rf4 {[%clk 0:29:55]} Qg5 {[%clk 0:31:07]} 43. Nf3
{[%clk 0:26:06]} Qf6 {[%clk 0:19:51]} 44. g4 {[%clk 0:24:41]} Be6
{[%clk 0:18:28]} 45. Nd4 {[%clk 0:21:36]} Bd7 {[%clk 0:16:07]} 46. Nxf5
{[%clk 0:19:59]} gxf5 {[%clk 0:09:19]} 47. Bxf5 {[%clk 0:20:08]} Rd8
{[%clk 0:07:54]} 48. Bxd7 {[%clk 0:19:25]} Qxf4 {[%clk 0:08:15]} 49. exf4
{[%clk 0:19:47]} Rxd7 {[%clk 0:08:42]} 50. f5 {[%clk 0:18:48]} 1-0

[Event "5th European Small Nations"]
[Site "Andorra la Vella"]
[Date "2017.11.13"]
[Round "3.6"]
[White "Guller, Andras"]
[Black "Villegas, Pierre"]
[Result "0-1"]
[BlackElo "2309"]
[WhiteElo "2041"]
[LiveChessVersion "1.4.8"]

1. e4 {[%clk 1:30:50]} c6 {[%clk 1:30:47]} 2. d4 {[%clk 1:30:47]} d5
{[%clk 1:31:08]} 3. Nd2 {[%clk 1:31:08]} dxe4 {[%clk 1:31:14]} 4. Nxe4
{[%clk 1:31:29]} Nd7 {[%clk 1:31:41]} 5. Nf3 {[%clk 1:30:32]} Ngf6
{[%clk 1:31:56]} 6. Ng3 {[%clk 1:29:41]} e6 {[%clk 1:32:01]} 7. Bd3
{[%clk 1:28:34]} c5 {[%clk 1:31:40]} 8. c3 {[%clk 1:26:35]} Be7 {[%clk 1:30:43]}
9. O-O {[%clk 1:24:39]} O-O {[%clk 1:31:01]} 10. b3 {[%clk 1:17:39]} b6
{[%clk 1:28:51]} 11. Bb2 {[%clk 1:16:34]} Bb7 {[%clk 1:28:32]} 12. c4
{[%clk 1:15:29]} Qc7 {[%clk 1:26:17]} 13. Qe2 {[%clk 1:12:43]} Rfe8
{[%clk 1:22:17]} 14. Rfe1 {[%clk 1:06:00]} Rad8 {[%clk 1:19:31]} 15. Rad1
{[%clk 1:02:33]} cxd4 {[%clk 1:13:37]} 16. Nxd4 {[%clk 0:59:00]} Bb4
{[%clk 1:10:25]} 17. Rf1 {[%clk 0:59:01]} a6 {[%clk 1:09:08]} 18. a3
{[%clk 0:55:58]} Bf8 {[%clk 1:06:05]} 19. Rfe1 {[%clk 0:52:40]} g6
{[%clk 0:57:12]} 20. Ne4 {[%clk 0:37:34]} Nh5 {[%clk 0:50:25]} 21. Nf3
{[%clk 0:27:30]} e5 {[%clk 0:43:41]} 22. Bb1 {[%clk 0:24:10]} f5 {[%clk 0:38:54]}
23. Nc3 {[%clk 0:16:42]} Nf4 {[%clk 0:38:15]} 24. Qf1 {[%clk 0:16:50]} e4
{[%clk 0:31:38]} 25. Nd4 Ne5 {[%clk 0:18:43]} 26. Nd5 {[%clk 0:13:46]} Nxd5
{[%clk 0:17:09]} 27. cxd5 {[%clk 0:14:08]} Ng4 {[%clk 0:17:05]} 28. g3
{[%clk 0:08:20]} Bxd5 {[%clk 0:16:19]} 29. h3 {[%clk 0:06:55]} Ne5
{[%clk 0:15:32]} 30. b4 {[%clk 0:07:11]} Bc4 {[%clk 0:13:59]} 31. Qg2
{[%clk 0:06:46]} Bg7 {[%clk 0:14:11]} 32. f4 {[%clk 0:04:14]} Rxd4
{[%clk 0:10:14]} 33. fxe5 {[%clk 0:04:21]} Rxd1 {[%clk 0:10:39]} 34. Rxd1
{[%clk 0:04:42]} Bxe5 {[%clk 0:11:01]} 35. Bxe5 {[%clk 0:02:38]} Qxe5
{[%clk 0:11:24]} 36. Ba2 {[%clk 0:02:43]} b5 {[%clk 0:09:52]} 37. g4
{[%clk 0:02:02]} f4 {[%clk 0:09:05]} 38. Bxc4+ {[%clk 0:01:58]} bxc4
{[%clk 0:09:31]} 39. Qc2 {[%clk 0:02:16]} c3 {[%clk 0:06:17]} 40. Rd7
{[%clk 0:31:19]} f3 {[%clk 0:33:40]} 0-1